[Event "Irish International Open 2019"]
[Site "Dublin IRL"]
[Date "2019.04.22"]
[Round "9.14"]
[White "Daly, Colm"]
[Black "Melaugh, Shane"]
[Result "1-0"]
[WhiteTitle "FM"]
[WhiteElo "2278"]
[BlackElo "2105"]
[BlackICU "2091"]
[BlackClub "Elm Mount"]
[WhiteNationality "IRL"]
[BlackNationality "IRL"]
[WhiteFideId "2500434"]
[BlackFideId "2509580"]
[PlyCount "121"]
[EventDate "2019.04.17"]
[ICUid "50297"]
[HashCode "7df805c3"]

{ Event information: <a
href="http://www.irlchess.com/irishopen2019_allfiles/pairings_irishopen2019.html">Tournament
report</a>. }

1. Nf3 e6 2. g3 f5 3. Bg2 Nf6 4. c4 Be7 5. O-O O-O 6. Nc3 d6 7. d3 Nc6 8.
Rb1 a5 9. a3 Qe8 10. b4 axb4 11. axb4 e5 12. Bg5 Be6 13. b5 Nd8 14. Nd2 c6
15. Ra1 Rxa1 16. Qxa1 Qh5 17. Bxf6 Rxf6 18. Rb1 Rh6 19. Nf1 e4 20. bxc6
bxc6 21. Qa7 Bf6 22. Rb8 Qe8 23. Qc7 Be7 24. dxe4 Bxc4 25. exf5 d5 26. Ne3
Rd6 27. f6 Rxf6 28. Bxd5+ cxd5 29. Ncxd5 Bxd5 30. Nxd5 Kf7 31. Nxf6 gxf6
32. Qc4+ Kf8 33. Qd5 Kg7 34. e3 Qf8 35. h4 Bd6 36. Ra8 Qe7 37. Qd4 Kf7 38.
Ra7 Bc7 39. Qc4+ Ne6 40. Ra6 Qd7 41. Rxe6 Qxe6 42. Qxc7+ Kg6 43. Qf4 h5 44.
Kg2 Kg7 45. e4 Qc6 46. Qf5 Kh6 47. Kh2 Qb6 48. e5 fxe5 49. Qg5+ Kh7 50.
Qxh5+ Kg8 51. Qf5 e4 52. Kh3 Qb1 53. Kg4 Qc2 54. h5 Qe2+ 55. Kh4 Qc4 56. g4
Qd4 57. h6 Kh8 58. Kh5 Qa7 59. Qe5+ Kg8 60. Qe8+ Kh7 61. Qxe4+ 1-0

[Event "Irish International Open 2019"]
[Site "Dublin IRL"]
[Date "2019.04.22"]
[Round "9.17"]
[White "Buonanno, Raffaele"]
[Black "Flynn, Jacob"]
[Result "0-1"]
[WhiteTitle "FM"]
[WhiteElo "2091"]
[BlackElo "2011"]
[BlackICU "2000"]
[BlackClub "Malahide"]
[WhiteNationality "ITA"]
[BlackNationality "IRL"]
[WhiteFideId "2807713"]
[BlackFideId "2509393"]
[PlyCount "86"]
[EventDate "2019.04.17"]
[ICUid "50300"]
[HashCode "51c1fc29"]

{ Event information: <a
href="http://www.irlchess.com/irishopen2019_allfiles/pairings_irishopen2019.html">Tournament
report</a>. }

1. d4 Nf6 2. c4 c5 3. d5 e6 4. Nc3 exd5 5. cxd5 d6 6. e4 g6 7. f4 Bg7 8.
Nf3 O-O 9. Be2 Bg4 10. O-O Nbd7 11. h3 Bxf3 12. Bxf3 a6 13. a4 Re8 14. g4
h6 15. Be3 Rb8 16. Qd2 b5 17. axb5 axb5 18. e5 b4 19. Ne4 Nxe4 20. Bxe4
dxe5 21. f5 g5 22. d6 Qb6 23. h4 Nf6 24. Bf3 e4 25. Be2 b3 26. hxg5 hxg5
27. Bxg5 e3 28. Qd3 Ne4 29. f6 Nxg5 30. fxg7 c4 31. Qf5 Qxd6 32. Kg2 Qe5
33. Bxc4 Qxb2+ 34. Kh1 Qxg7 35. Ra5 e2 36. Bxe2 Rxe2 37. Qxg5 b2 38. Rb1
Rc8 39. Rg1 Qxg5 40. Rxg5+ ({ Live boards gave the continuation as the
implausible } 40. Rb5 Qe5 41. Rxe5 { and that was the version given by
TWIC. The version shown here transposes. }) 40... Kf8 41. Rb5 Rc1 42. Rb8+
Kg7 43. Rb6 Ree1 0-1

[Event "Irish International Open 2019"]
[Site "Dublin IRL"]
[Date "2019.04.22"]
[Round "9.28"]
[White "Phelan, Leo"]
[Black "Larter, Nick J."]
[Result "0-1"]
[WhiteElo "1708"]
[BlackElo "1830"]
[WhiteICU "1670"]
[BlackICU "1699"]
[WhiteClub "Gonzaga"]
[BlackClub "Ennis"]
[WhiteNationality "IRL"]
[BlackNationality "IRL"]
[WhiteFideId "2511428"]
[BlackFideId "2502240"]
[PlyCount "106"]
[EventDate "2019.04.17"]
[HashCode "656acb64"]

{ Event information: <a
href="http://www.irlchess.com/irishopen2019_allfiles/pairings_irishopen2019.html">Tournament
report</a>. }

1. e4 c5 2. Nf3 e6 3. d4 cxd4 4. Nxd4 Nc6 5. Nc3 Nxd4 6. Qxd4 a6 7. Be3 b5
8. O-O-O Ne7 9. f4 Nc6 10. Qd2 Bb7 11. Kb1 Bb4 12. Bd3 Rc8 13. Qe1 Qa5 14.
Bd2 O-O 15. Rf1 f6 16. Rf3 Bxc3 17. Bxc3 b4 18. Bd2 Qc5 19. Rh3 Rf7 20. Qh4
g6 21. Be3 Qe7 22. f5 exf5 23. exf5 g5 24. Qf2 Ne5 25. Be2 Be4 26. Rc1 d5
27. Bd4 a5 28. Bxe5 Qxe5 29. g4 Rfc7 30. Bd3 a4 31. Qb6 Rc6 32. Qb7 h6 33.
Bxe4 Qxe4 34. Rxh6 R6c7 35. Rg6+ Kf7 36. Qb5 a3 37. Qb6 Rc6 38. Qb7+ R6c7
39. Qa6 Rc6 40. Qb7+ R6c7 41. Qb6 Qe7 42. Qd4 Qd6 43. Rh6 axb2 44. Kxb2 Rc5
45. Qe3 Qa6 46. Rh7+ Kg8 47. Qh3 Qa3+ 48. Kb1 Qxc1+ 49. Kxc1 Rxc2+ 50. Kd1
Rc1+ 51. Kd2 R1c2+ 52. Kd3 $4 (52. Ke1 $17) 52... R8c3+ 53. Kd4 Rd2+ 0-1

[Event "Irish International Open 2019"]
[Site "Dublin IRL"]
[Date "2019.04.22"]
[Round "9.29"]
[White "Sokolinsky, Yaakov"]
[Black "Jocius, Donatas"]
[Result "1-0"]
[WhiteElo "1884"]
[BlackElo "1773"]
[BlackICU "1664"]
[BlackClub "Rathmines"]
[WhiteNationality "ISR"]
[BlackNationality "IRL"]
[WhiteFideId "2815435"]
[BlackFideId "2509032"]
[PlyCount "30"]
[EventDate "2019.04.17"]
[HashCode "1b407ebc"]

{ Event information: <a
href="http://www.irlchess.com/irishopen2019_allfiles/pairings_irishopen2019.html">Tournament
report</a>. }

1. e4 c6 2. d4 d5 3. Nd2 dxe4 4. Nxe4 Nf6 5. Nxf6+ gxf6 6. Nf3 Bg4 7. Be2
Rg8 8. Bf4 Na6 9. Bg3 Nc7 10. Qd3 Ne6 11. O-O-O Bh6+ 12. Kb1 Rh8 13. Rde1
Qa5 14. Qb3 Qb6 15. Rd1 Bf5 1-0

[Event "Irish International Open 2019"]
[Site "Dublin IRL"]
[Date "2019.04.22"]
[Round "9.30"]
[White "Murray, Sam"]
[Black "Boyle, Bernard"]
[Result "0-1"]
[WhiteElo "1554"]
[BlackElo "1799"]
[WhiteICU "1521"]
[BlackICU "1708"]
[WhiteClub "Gonzaga"]
[BlackClub "Elm Mount"]
[WhiteNationality "IRL"]
[BlackNationality "IRL"]
[WhiteFideId "2508958"]
[BlackFideId "2501830"]
[PlyCount "116"]
[EventDate "2019.04.17"]
[HashCode "70e26ef1"]

{ Event information: <a
href="http://www.irlchess.com/irishopen2019_allfiles/pairings_irishopen2019.html">Tournament
report</a>. }

1. e4 e6 2. Nf3 d5 3. e5 Bd7 4. c4 Ne7 5. d4 Bc6 6. Be3 Nf5 7. Qd2 dxc4 8.
Bxc4 Bxf3 9. gxf3 c6 10. Nc3 Nd7 11. Bd3 Nxe3 12. fxe3 Qh4+ 13. Qf2 Be7 14.
a3 Nb6 15. Ne4 Qxf2+ 16. Kxf2 O-O-O 17. Rac1 Kb8 18. Rhg1 Rhg8 19. Nd6 f5
20. Nf7 Rdf8 21. Ng5 Bxg5 22. Rxg5 Nd5 23. Rcg1 g6 24. h4 b5 25. h5 Ne7 26.
hxg6 Rxg6 27. a4 a6 28. axb5 axb5 29. Bc2 Kc7 30. Rxg6 hxg6 31. Bb3 Kd7 32.
Ra1 Nc8 33. Ra6 g5 34. Bc2 Kc7 35. Bb3 Re8 36. Ra1 Kd7 37. Rg1 Rg8 38. Rh1
Rg6 39. e4 f4 40. Rd1 Ne7 41. d5 cxd5 42. exd5 Nxd5 43. Bxd5 exd5 44. Rxd5+
Kc6 45. Rd1 Re6 46. Re1 Kd5 47. Kg2 Rxe5 48. Rd1+ Kc4 49. Kh3 Re2 50. Rg1
Re5 51. Kg4 Kb3 52. Rg2 b4 53. Kh5 Rc5 54. Kg6 Rc2 55. Rxg5 Kxb2 56. Rf5
Rc4 57. Kg5 b3 58. Rb5 Kc2 0-1

[Event "Irish International Open 2019"]
[Site "Dublin IRL"]
[Date "2019.04.22"]
[Round "9.31"]
[White "Moran, Hugh"]
[Black "Goss, Alex"]
[Result "1-0"]
[WhiteElo "1522"]
[BlackElo "1765"]
[WhiteICU "1571"]
[BlackICU "1771"]
[WhiteClub "Gonzaga"]
[BlackClub "Elm Mount"]
[WhiteNationality "IRL"]
[BlackNationality "IRL"]
[WhiteFideId "2511100"]
[BlackFideId "2509407"]
[PlyCount "77"]
[EventDate "2019.04.17"]
[HashCode "42611fcc"]

{ Event information: <a
href="http://www.irlchess.com/irishopen2019_allfiles/pairings_irishopen2019.html">Tournament
report</a>. }

1. e4 e6 2. d4 d5 3. Nc3 Bb4 4. Qg4 Ne7 5. Qxg7 Rg8 6. Qxh7 c5 7. Ne2 Nbc6
8. a3 Qa5 9. axb4 Qxa1 10. bxc5 Nxd4 11. Kd1 Nxe2 12. Bxe2 Bd7 13. exd5
O-O-O 14. d6 Be8 15. Bd3 Rxg2 16. dxe7 Rd7 17. Qh8 Rxe7 18. Nb5 a6 19. Nd6+
Kd7 20. Be4 Qa4 21. Bxg2 Qg4+ 22. Ke1 Qxg2 23. Rf1 Qg4 24. Qc3 f5 25. Nxe8
Rxe8 26. Qd3+ Ke7 27. Qd6+ Kf7 28. Qf4 Qg2 29. Ke2 Qd5 30. Rd1 Qxc5 31.
Rd7+ Re7 32. Rxe7+ Kxe7 33. Qg5+ Kd7 34. Qg7+ Kc6 35. Qc3 Qxc3 36. bxc3 Kd7
37. Ke3 e5 38. c4 Ke6 39. Bb2 1-0

[Event "Irish International Open 2019"]
[Site "Dublin IRL"]
[Date "2019.04.22"]
[Round "9.32"]
[White "Harrington, Eoin"]
[Black "Remenyik, David"]
[Result "0-1"]
[WhiteElo "1585"]
[BlackElo "1798"]
[WhiteICU "1153"]
[BlackICU "1844"]
[WhiteClub "Ballyroan C.C."]
[WhiteNationality "IRL"]
[BlackNationality "IRL"]
[WhiteFideId "2513196"]
[BlackFideId "368178515"]
[PlyCount "94"]
[EventDate "2019.04.17"]
[HashCode "59963a63"]

{ Event information: <a
href="http://www.irlchess.com/irishopen2019_allfiles/pairings_irishopen2019.html">Tournament
report</a>. }

1. e4 e6 2. d4 d5 3. Nc3 Nf6 4. e5 Nfd7 5. f4 c5 6. Nf3 Nc6 7. Be3 Be7 8.
Qd2 a6 9. dxc5 Bxc5 10. Bxc5 Nxc5 11. Nd4 O-O 12. Be2 f6 13. exf6 Qxf6 14.
Nxc6 bxc6 15. O-O Rb8 16. b4 Nd7 17. Rae1 Re8 18. a3 c5 19. bxc5 Nxc5 20.
Nxd5 Qd8 21. Bc4 Bb7 22. Re5 exd5 23. Bxd5+ Kh8 24. Rfe1 Rxe5 25. Rxe5 Bxd5
26. Rxd5 Qb6 27. Qb4 Qxb4 28. axb4 Ne4 29. Rd4 Nc3 30. Kf2 h6 31. Rc4 Na4
32. c3 Nb6 33. Rc6 Nd5 34. Rd6 Nxc3 35. Rc6 Ne4+ 36. Kf3 Rxb4 37. g4 Rc4
38. Rxc4 Nd2+ 39. Kg3 Nxc4 40. g5 Kh7 41. h4 Kg6 42. Kg4 Ne3+ 43. Kf3 Nf5
44. gxh6 Nxh6 45. Ke4 Kh5 46. f5 Kxh4 47. Kf4 Ng4 0-1

[Event "Irish International Open 2019"]
[Site "Dublin IRL"]
[Date "2019.04.22"]
[Round "9.34"]
[White "Mancin, Michele"]
[Black "Wang, Eric"]
[Result "1-0"]
[WhiteElo "1706"]
[BlackElo "1268"]
[BlackICU "1115"]
[BlackClub "St. Benildus"]
[WhiteNationality "ITA"]
[BlackNationality "IRL"]
[WhiteFideId "824780"]
[BlackFideId "2511320"]
[PlyCount "37"]
[EventDate "2019.04.17"]
[HashCode "281f5528"]

{ Event information: <a
href="http://www.irlchess.com/irishopen2019_allfiles/pairings_irishopen2019.html">Tournament
report</a>. }

1. e4 e6 2. d4 d5 3. e5 c5 4. c3 Nc6 5. Nf3 Nge7 6. Bd3 Qb6 7. a3 Bd7 8.
Bc2 Ng6 9. O-O Be7 10. b4 c4 11. a4 O-O 12. a5 Qc7 13. Ng5 h6 14. Nh3 Nh8
15. Qg4 Rfe8 16. Bxh6 Bf8 17. Ng5 Ng6 18. Qh3 Be7 19. Bxg7 1-0

[Event "Irish International Open 2019"]
[Site "Dublin IRL"]
[Date "2019.04.22"]
[Round "9.35"]
[White "Carolan, James"]
[Black "Loughran, John"]
[Result "0-1"]
[WhiteElo "1268"]
[BlackElo "1669"]
[WhiteICU "1243"]
[BlackICU "1548"]
[WhiteClub "Sligo"]
[BlackClub "Skerries"]
[WhiteNationality "IRL"]
[BlackNationality "IRL"]
[WhiteFideId "2513072"]
[BlackFideId "2501562"]
[PlyCount "142"]
[EventDate "2019.04.17"]
[HashCode "87b0a1a4"]

{ Event information: <a
href="http://www.irlchess.com/irishopen2019_allfiles/pairings_irishopen2019.html">Tournament
report</a>. }

1. e4 e5 2. Nf3 Nc6 3. Bc4 Nf6 4. Ng5 d5 5. exd5 Na5 6. Bb5+ c6 7. dxc6
bxc6 8. Qf3 h6 9. Ne4 Nd5 10. Nbc3 Be6 11. Ba4 Be7 12. Qg3 O-O 13. d3 Kh7
14. Qxe5 Nxc3 15. Nxc3 Bf6 16. Qe4+ Kh8 17. Bd2 Bd5 18. Qg4 Re8+ 19. Be3
Re6 20. O-O Bxc3 21. bxc3 Rg6 22. Qh3 Rxg2+ 23. Qxg2 Bxg2 24. Kxg2 Qd7 25.
Bb3 a6 26. Rfd1 Kh7 27. Rd2 Nxb3 28. cxb3 Qg4+ 29. Kh1 Qf3+ 30. Kg1 Rd8 31.
Rad1 Rd6 32. d4 Rg6+ 33. Kf1 Qg2+ 34. Ke2 Qxh2 35. Kd3 Qh5 36. c4 Qa5 37.
Rc1 Qb4 38. Ke2 Qe7 39. d5 f5 40. Rd4 Rf6 41. Kf1 cxd5 42. cxd5 g5 43. Rc6
f4 44. Rxf6 Qxf6 45. Ke2 fxe3 46. fxe3 Qd6 47. e4 Kg6 48. Rc4 Qe5 49. Rc6+
Kh5 50. Re6 Qb2+ 51. Kd3 Qxa2 52. Kc3 Qa1+ 53. Kc4 Qc1+ 54. Kd4 g4 55. d6
g3 56. Re5+ Kh4 57. Re6 h5 58. Rg6 Qb2+ 59. Kc4 Qc2+ 60. Kd5 Qxb3+ 61. Ke5
Qc3+ 62. Kf4 Qd2+ 63. Ke5 Kh3 64. Ke6 Qa2+ 65. Ke7 Qe2 66. d7 Qxe4+ 67. Re6
Qh7+ 68. Kd8 g2 69. Re7 Qd3 70. Ke8 g1=Q 71. d8=Q Qg8# 0-1

[Event "Irish International Open 2019"]
[Site "Dublin IRL"]
[Date "2019.04.22"]
[Round "9.36"]
[White "Farrelly, Eoin"]
[Black "Jordan, Felix"]
[Result "1-0"]
[WhiteElo "1644"]
[BlackElo "1538"]
[WhiteICU "1384"]
[BlackICU "1442"]
[BlackClub "St. Benildus"]
[WhiteNationality "IRL"]
[BlackNationality "IRL"]
[WhiteFideId "2510359"]
[BlackFideId "2510324"]
[PlyCount "71"]
[EventDate "2019.04.17"]
[HashCode "4a6e5665"]

{ Event information: <a
href="http://www.irlchess.com/irishopen2019_allfiles/pairings_irishopen2019.html">Tournament
report</a>. }

1. d4 Nf6 2. c4 e6 3. Nc3 Bb4 4. a3 Bxc3+ 5. bxc3 d5 6. e3 c6 7. Nf3 O-O 8.
Qc2 h6 9. Bd3 Nbd7 10. O-O Re8 11. a4 e5 12. Be2 Qc7 13. Bb2 Ng4 14. cxd5
cxd5 15. h3 e4 16. hxg4 exf3 17. gxf3 Nf6 18. Kg2 h5 19. Rh1 hxg4 20. fxg4
Qe7 21. Bf3 g6 22. Rh4 Nxg4 23. Rah1 Nf6 24. c4 Bf5 25. Qb3 Ne4 26. Rh8+
Kg7 27. R1h7+ Kf6 28. Rxe8 Rxe8 29. cxd5 Nd2 30. d6 Nxb3 31. dxe7 Rxe7 32.
d5+ Kg5 33. d6 Rd7 34. Bd5 Nc5 35. f4+ Kg4 36. Bf3# 1-0

[Event "Irish International Open 2019"]
[Site "Dublin IRL"]
[Date "2019.04.22"]
[Round "9.38"]
[White "O'Connell, Michael Joseph"]
[Black "Opseth, Oliver"]
[Result "0-1"]
[WhiteElo "1508"]
[BlackElo "1739"]
[WhiteICU "1235"]
[WhiteClub "Curragh"]
[WhiteNationality "IRL"]
[BlackNationality "NOR"]
[WhiteFideId "2507676"]
[BlackFideId "1523813"]
[PlyCount "70"]
[EventDate "2019.04.17"]
[HashCode "4bc2da7c"]

{ Event information: <a
href="http://www.irlchess.com/irishopen2019_allfiles/pairings_irishopen2019.html">Tournament
report</a>. }

1. d4 Nf6 2. Bf4 g6 3. e3 Bg7 4. c3 d6 5. Bd3 O-O 6. Nf3 Re8 7. Nbd2 e5 8.
dxe5 dxe5 9. Nxe5 Nh5 10. Bc4 Bxe5 11. Bg3 Nxg3 12. hxg3 Nc6 13. Qf3 Qf6
14. Qe2 Be6 15. Ne4 Qe7 16. f4 Bxc4 17. Qxc4 Bg7 18. O-O-O Qxe4 19. Qxe4
Rxe4 20. Rd3 Ne7 21. g4 c6 22. Rhd1 Nd5 23. Re1 Nxf4 24. Rd7 Nxg2 25. Rf1
Rf8 26. Rxb7 Bh6 27. Rd1 Nxe3 28. Rdd7 Nxg4+ 29. Kc2 Re2+ 30. Kb3 c5 31.
Rxa7 Rb8+ 32. Ka3 Ne5 33. Rdc7 Nc4+ 34. Ka4 Nxb2+ 35. Ka3 Nc4+ 0-1

[Event "Irish International Open 2019"]
[Site "Dublin IRL"]
[Date "2019.04.22"]
[Round "9.39"]
[White "Tempany, Max"]
[Black "Avetisyan, Gagik"]
[Result "1-0"]
[WhiteElo "1519"]
[BlackElo "1474"]
[WhiteICU "1400"]
[BlackICU "1541"]
[WhiteClub "Gonzaga"]
[BlackClub "Armenian C.C."]
[WhiteNationality "IRL"]
[BlackNationality "IRL"]
[WhiteFideId "2511452"]
[BlackFideId "2512270"]
[PlyCount "63"]
[EventDate "2019.04.17"]
[HashCode "39057f4e"]

{ Event information: <a
href="http://www.irlchess.com/irishopen2019_allfiles/pairings_irishopen2019.html">Tournament
report</a>. }

1. e4 e6 2. d4 d5 3. Nc3 dxe4 4. Nxe4 Nd7 5. g3 Ngf6 6. Nxf6+ Nxf6 7. Bg2
Be7 8. Nf3 O-O 9. O-O c5 10. Re1 Qb6 11. dxc5 Bxc5 12. Be3 Bxe3 13. Rxe3
Ng4 14. Re2 Qxb2 15. h3 Nf6 16. Ne5 Qa3 17. Qd4 h6 18. Re3 Qe7 19. Rd3 Nd5
20. c4 Nb4 21. Rd2 Nc6 22. Nxc6 bxc6 23. Bxc6 Bb7 24. Bxb7 Qxb7 25. c5 Rac8
26. Rc1 Rfd8 27. Qxd8+ Rxd8 28. Rxd8+ Kh7 29. c6 Qb2 30. Rdd1 Qb8 31. c7
Qc8 32. Rd8 1-0

[Event "Irish International Open 2019"]
[Site "Dublin IRL"]
[Date "2019.04.22"]
[Round "9.40"]
[White "Whelan, Niall P."]
[Black "Doyle, Peter"]
[Result "1-0"]
[WhiteElo "1620"]
[BlackElo "1420"]
[WhiteICU "1373"]
[BlackICU "1219"]
[WhiteClub "Rathmines"]
[BlackClub "Cork"]
[WhiteNationality "IRL"]
[BlackNationality "IRL"]
[WhiteFideId "2500809"]
[BlackFideId "2510219"]
[PlyCount "127"]
[EventDate "2019.04.17"]
[HashCode "73a9e734"]

{ Event information: <a
href="http://www.irlchess.com/irishopen2019_allfiles/pairings_irishopen2019.html">Tournament
report</a>. }

1. e4 c5 2. Nf3 g6 3. d4 cxd4 4. Nxd4 Bg7 5. Bc4 e6 6. Be3 Ne7 7. O-O O-O
8. c3 d5 9. Bd3 Nbc6 10. Nxc6 Nxc6 11. Bc5 Re8 12. Re1 b6 13. Ba3 a6 14.
Nd2 d4 15. cxd4 Bxd4 16. Nf3 Bg7 17. e5 Bb7 18. Be4 Rc8 19. Bd6 Na5 20. b3
Bxe4 21. Rxe4 Nb7 22. Rd4 Qd7 23. Bf8 Qb5 24. Bxg7 Kxg7 25. a4 Qc5 26. b4
Qe7 27. h4 Red8 28. Rb1 Rc7 29. Rb3 Rc4 30. Rbd3 Rdxd4 31. Rxd4 Qxb4 32.
Rd7 Qxa4 33. Qxa4 Rxa4 34. Rxb7 b5 35. Ng5 Kg8 36. Nxf7 a5 37. Nd8 Rb4 38.
Nxe6 Rb1+ 39. Kh2 b4 40. Nc5 b3 41. Rxb3 Rxb3 42. Nxb3 a4 43. Na1 Kf7 44.
Kg3 Ke6 45. Kf4 h6 46. Ke4 a3 47. f4 h5 48. g3 a2 49. Nb3 Kf7 50. f5 gxf5+
51. Kxf5 Ke7 52. g4 hxg4 53. Kxg4 Ke6 54. Kf4 Kd5 55. h5 Kc4 56. Na1 Kc3
57. e6 Kb2 58. e7 Kxa1 59. e8=Q Kb1 60. h6 Kc1 61. Qe1+ Kb2 62. Qd2+ Kb3
63. Qc1 Ka4 64. Ke4 1-0

[Event "Irish International Open 2019"]
[Site "Dublin IRL"]
[Date "2019.04.22"]
[Round "9.42"]
[White "Dimitrov, Nikolai"]
[Black "Bergin, Cian"]
[Result "0-1"]
[WhiteElo "1411"]
[BlackElo "1512"]
[WhiteICU "1131"]
[WhiteClub "Skerries"]
[WhiteNationality "IRL"]
[BlackNationality "IRL"]
[WhiteFideId "2511649"]
[BlackFideId "2512572"]
[PlyCount "114"]
[EventDate "2019.04.17"]
[HashCode "6ece0360"]

{ Event information: <a
href="http://www.irlchess.com/irishopen2019_allfiles/pairings_irishopen2019.html">Tournament
report</a>. }

1. c4 Nf6 2. Nf3 c5 3. Nc3 Nc6 4. e3 g6 5. d4 cxd4 6. exd4 d5 7. Bg5 dxc4
8. Bxc4 Bg7 9. d5 Nb8 10. O-O O-O 11. Re1 Bg4 12. h3 Bf5 13. Nd4 Qc8 14.
Bb3 h6 15. Bf4 Re8 16. Qf3 Na6 17. Re3 Nh5 18. Nxf5 Qxf5 19. g4 Qxf4 20.
gxh5 Qg5+ 21. Qg4 gxh5 22. Qxg5 hxg5 23. Ba4 Red8 24. Bb3 Bf6 25. a3 Nc5
26. Ba2 Rac8 27. Rae1 Kg7 28. b4 Nd7 29. Ne4 Nb6 30. d6 Nc4 31. Nxf6 exf6
32. Bxc4 Rxc4 33. Re7 Rxd6 34. Rxb7 a5 35. b5 Ra4 36. Rb1 Rxa3 37. Rb8 Rad3
38. b6 Rd1+ 39. Rxd1 Rxd1+ 40. Kg2 Rb1 41. Kf3 a4 42. b7 a3 43. Ra8 Rxb7
44. Rxa3 Rb4 45. Ra8 Rb3+ 46. Kg2 f5 47. Ra5 Kg6 48. Ra8 f6 49. Rh8 g4 50.
h4 Rh3 51. Rg8+ Kf7 52. Ra8 Rxh4 53. Ra5 f4 54. Kf1 Kg6 55. Ke2 Rh2 56. Ra2
g3 57. Kf3 Rxf2+ 0-1

[Event "Irish International Open 2019"]
[Site "Dublin IRL"]
[Date "2019.04.22"]
[Round "9.44"]
[White "Robinson, Nette"]
[Black "Hunter, Sean"]
[Result "0-1"]
[WhiteElo "1343"]
[BlackElo "1720"]
[BlackICU "1599"]
[BlackClub "Gonzaga"]
[WhiteNationality "ENG"]
[BlackNationality "IRL"]
[WhiteFideId "441996"]
[BlackFideId "2508362"]
[PlyCount "61"]
[EventDate "2019.04.17"]
[BlackFullName "Hunter, Se&aacute;n"]
[HashCode "44848ef8"]

{ Event information: <a
href="http://www.irlchess.com/irishopen2019_allfiles/pairings_irishopen2019.html">Tournament
report</a>. }

1. Nf3 Nf6 2. c4 c5 3. Nc3 Nc6 4. b3 g6 5. Bb2 Bg7 6. Rb1 O-O 7. e3 d6 8.
Be2 e5 9. d3 Ne8 10. Nd2 f5 11. f4 exf4 12. exf4 Nc7 13. O-O Nd4 14. Bf3
Re8 15. Nd5 Rb8 16. a3 Nxd5 17. Bxd5+ Be6 18. Bf3 Bf7 19. b4 Re3 20. Nb3
Nxb3 21. Qxb3 Bxb2 22. Qxb2 Qe7 23. Rbd1 b6 24. b5 Rd8 25. d4 Bxc4 26. dxc5
bxc5 27. Bd5+ Bxd5 28. Rxd5 Qe4 29. Qa2 Kf8 30. Rdd1 Re2 31. Qa1 0-1